LEADER 00930nam0 2200289 450 001 000001494 005 20050630115400.0 010 $a88-15-06319-6 100 $a--------d1997----km-y0itay50------ba 101 $aita 102 $aIT 200 1 $aDollaro, Euro e moneta mondiale$fRobert Triffin 210 $aBologna$cIl Mulino$d1997c 215 $a387 p.$d22 cm 225 2 $aCollezione di testi e studi$iEconomia 300 $aScritti di vari 300 $aIn appendice: Robert Triffin, uno scienziato cosmopolita/ di Paolo Baffi 410 0$12001$aCollezione di testi e studi 610 1 $aPolitica monetaria internazionale$a1950-1990 676 $a332.66 700 1$aTriffin,$bRobert$0113269 702 1$aBaffi,$bPaolo 801 0$aIT $bUNIPARTHENOPE $gRICA $2UNIMARC 912 $a000001494 951 $cNAVA1$aGEC- 330/6$b33721$d20000911 996 $aDollaro, Euro e moneta mondiale$9196065 997 $aUNIPARTHENOPE LEADER 01246nam--2200373---450- 001 990001779200203316 005 20090428163729.0 035 $a000177920 035 $aUSA01000177920 035 $a(ALEPH)000177920USA01 035 $a000177920 100 $a20040622d1975----km-y0itay0103----ba 101 0 $aita 102 $aIT 105 $a||||||||001yy 200 1 $aPrincipi generali del diritto e diritto pubblico$eper gli Istituti Tecnici commerciali e per Istituti tecnici per periti aziendali e corrispondenti in lingua straniera$fGiuseppe Maranini, Silvio Basile 210 $aBologna$cZanichelli$d1975 215 $aVII, 400 p.$d24 cm 410 0$12001 454 1$12001 461 1$1001-------$12001 700 1$aMARANINI,$bGiuseppe$067961 701 1$aBASILE,$bSilvio$0563428 801 0$aIT$bsalbc$gISBD 912 $a990001779200203316 951 $aXXIV.1.B 27 (IX B 559)$b72451 L.M.$cIX B$d00188416 951 $aIX B 559 bis$b72452 L.M.$cIX B 959 $aBK 969 $aUMA 979 $aSIAV1$b10$c20040622$lUSA01$h1054 979 $aRSIAV5$b90$c20090416$lUSA01$h1014 979 $aRSIAV1$b90$c20090428$lUSA01$h1637 996 $aPrincipi generali del diritto e diritto pubblico$9952801 997 $aUNISA